Online
Catalog

Guía estándares de calidad en obras de presupuesto participativo municipal y componente del sistema de control y transparencia / (Record no. 54749)

MARC details
000 -CABECERA
campo de control de longitud fija 02000nam a2200289 i 4500
003 - IDENTIFICADOR DEL NÚMERO DE CONTROL
campo de control DO-SdBNP
005 - FECHA Y HORA DE LA ÚLTIMA TRANSACCIÓN
campo de control 20230914113528.0
007 - CAMPO FIJO DE DESCRIPCIÓN FÍSICA--INFORMACIÓN GENERAL
campo de control de longitud fija ta
008 - DATOS DE LONGITUD FIJA--INFORMACIÓN GENERAL
campo de control de longitud fija 150114s2022 dr ao 000 0 spa d
040 ## - FUENTE DE LA CATALOGACIÓN
Centro catalogador/agencia de origen DO-SdBNP
Lengua de catalogación spa
Centro/agencia transcriptor BNPHU
Normas de descripción rda
082 ## - NÚMERO DE LA CLASIFICACIÓN DECIMAL DEWEY
Número de edición 22
Número de documento/Ítem G943
110 1# - ENTRADA PRINCIPAL--NOMBRE DE ENTIDAD CORPORATIVA
Nombre de entidad corporativa o nombre de jurisdicción como elemento de entrada Federación Dominicana de Municipios (FEDOMU)
9 (RLIN) 84131
245 10 - MENCIÓN DE TÍTULO
Título Guía estándares de calidad en obras de presupuesto participativo municipal y componente del sistema de control y transparencia /
Mención de responsabilidad, etc. elaboración Rocely Marlenis Mejía, Carmen Comprés ; revisión Genrry E. González Molina, Juan Luis Pimentel ; presentación Kelvin Cruz
264 ## - PRODUCCIÓN, PUBLICACIÓN, DISTRIBUCIÓN, FABRICACIÓN Y COPYRIGHT
Producción, publicación, distribución, fabricación y copyright Santo Domingo :
Nombre del de productor, editor, distribuidor, fabricante FEDOMU,
Fecha de producción, publicación, distribución, fabricación o copyright 2022.
300 ## - DESCRIPCIÓN FÍSICA
Extensión 70 páginas
Otras características físicas ilustraciones, fotografías
Dimensiones 28 cm.
336 ## - TIPO DE CONTENIDO
Fuente rdacontent
Término de tipo de contenido texto
Código de tipo de contenido txt
337 ## - TIPO DE MEDIO
Fuente rdamedia
Nombre/término del tipo de medio sin mediación
Código del tipo de medio n
338 ## - TIPO DE SOPORTE
Fuente rdacarrier
Nombre/término del tipo de soporte volumen
Código del tipo de soporte nc
505 ## - NOTA DE CONTENIDO CON FORMATO
Título Presentación --
-- Introducción --
-- Las obras municipales, criterios fundamentales para su veeduría social --
-- ¿Cuáles son las obras que más se priorizan en el presupuesto participativo? --
-- Estándares de calidad en la construcción --
-- Herramientas utilizadas en la construcción --
-- Materiales más usados --
-- Materiales más usados descripción --
-- Los suelos y las cimentaciones --
-- 1. Gestión y planificación de la obra --
-- 2. Procedimientos y métodos de los trabajos de obras --
-- Zapatas de muros y de columnas --
-- Vigas de cargas, de amarres, dinteles y losas de techos --
-- Pañete --
-- Instalaciones --
-- Instalaciones --
-- Colocación de pisos --
-- Puertas y ventanas --
-- Aceras y contenes --
-- Proyectos eléctricos --
-- Componente del sistema de control y transparencia en el presupuesto participativo municipal /
590 ## - NOTA LOCAL (RLIN)
Nota local Inventariado, 2023/ YL
700 1# - PUNTO DE ACCESO ADICIONAL--NOMBRE DE PERSONA
Nombre de persona González Molina, Genrry E.
Término indicativo de función/relación revisión
9 (RLIN) 83859
700 1# - PUNTO DE ACCESO ADICIONAL--NOMBRE DE PERSONA
Nombre de persona Pimentel, Juan Luis
Término indicativo de función/relación revisión
9 (RLIN) 84132
700 1# - PUNTO DE ACCESO ADICIONAL--NOMBRE DE PERSONA
Nombre de persona Mejía, Rocely Marlenis
Término indicativo de función/relación colaboradora
9 (RLIN) 84133
700 1# - PUNTO DE ACCESO ADICIONAL--NOMBRE DE PERSONA
Nombre de persona Comprés, Carmen
Término indicativo de función/relación colaboradora
9 (RLIN) 84134
910 ## - DATOS DE OPCIÓN DEL USUARIO (OCLC)
Datos de opción del usuario YLockward
942 ## - ELEMENTOS DE PUNTO DE ACCESO ADICIONAL (KOHA)
Fuente del sistema de clasificación o colocación Dewey Decimal Classification
Tipo de ítem Koha Libro
Holdings
Estado de retiro Estado de pérdida Fuente del sistema de clasificación o colocación Restricciones de uso No para préstamo Código de colección Localización permanente Ubicación/localización actual Ubicación en estantería Fecha de adquisición Fuente de adquisición Total de préstamos Signatura topográfica completa Código de barras Fecha visto por última vez Precio válido a partir de Tipo de ítem Koha Número de copia
    Dewey Decimal Classification Excluido de préstamo   Patrimonio Dominicano Biblioteca Nacional Pedro Henríquez Ureña Biblioteca Nacional Pedro Henríquez Ureña En catalogación 23.01.2023 Editora Búho   BNPHU PD G943 2023-5887 14.09.2023 14.09.2023 Libro  
    Dewey Decimal Classification Excluido de préstamo   Patrimonio Dominicano Biblioteca Nacional Pedro Henríquez Ureña Biblioteca Nacional Pedro Henríquez Ureña En catalogación 23.01.2023 Editora Búho   BNPHU PD G943 2023-5889 14.09.2023 14.09.2023 Libro e. 2
    Dewey Decimal Classification Préstamo en sala   Dominicana de Servicio Biblioteca Nacional Pedro Henríquez Ureña Biblioteca Nacional Pedro Henríquez Ureña En catalogación 23.01.2023 Editora Búho   BNPHU DS G943 2023-5891 14.09.2023 14.09.2023 Libro e. 3

Powered by Koha